| 000 | 00460nam a2200145Ia 4500 | ||
|---|---|---|---|
| 008 | 151015s9999 xx 000 0 und d | ||
| 020 | _a9.7801320589e+012 | ||
| 050 | _aHf5548.4.J6375 2007 | ||
| 245 | _aJohnson Steve | ||
| 250 | _a_Brilliant Microsoft Excel 2007 What you need to know and how to do it | ||
| 300 | _aEngland Pearson Education 2007 | ||
| 500 | _aIncludes Index | ||
| 650 | _a_Microsoft Excel 2007 | ||
| 700 | _a^d20110127 12:35:25^okilerai | ||
| 999 |
_c1191 _d1191 |
||